Costa Rica: una economía en recuperación. Informe anual de la Academia de Centroamérica sobre la evolución de la economía costarricense durante 1998 /

Uloženo v:
Podrobná bibliografie
Hlavní autor: Jiménez, Ronulfo
Médium: Neznámo
Vydáno: San José: Academia de Centroamérica; CINDE
Témata:
Tagy: Přidat tag
Žádné tagy, Buďte první, kdo vytvoří štítek k tomuto záznamu!

MARC

LEADER 00000 a2200000 04500
001 10983
003
008 991231s d
040
090 |a 138006  
100 |a Jiménez, Ronulfo  
245 |a Costa Rica: una economía en recuperación. Informe anual de la Academia de Centroamérica sobre la evolución de la economía costarricense durante 1998 /  |c Ronulfo Jiménez  
260 |a San José:   |b Academia de Centroamérica; CINDE  
300 |a xvi, 212 p.  
650 |a MONEDAS  
650 |a CRISIS  
650 |a ECONOMIA  
650 |a CONTROL SOCIAL  
650 |a TIPO DE CAMBIO  
999 |c 11267  |d 11267